Pocket dictionary of synonyms, antonyms, homonyms / (Record no. 2957)

MARC details
000 -LEADER
fixed length control field 00752nam a22002297a 4500
001 - CONTROL NUMBER
control field 2957
003 - CONTROL NUMBER IDENTIFIER
control field FISKH
005 - DATE AND TIME OF LATEST TRANSACTION
control field 20240529105813.0
008 - FIXED-LENGTH DATA ELEMENTS--GENERAL INFORMATION
fixed length control field 240125b cb ||||| |||| 00| 0 eng d
020 ## - INTERNATIONAL STANDARD BOOK NUMBER
International Standard Book Number 9780545426671
040 ## - CATALOGING SOURCE
Original cataloging agency FISKH
Language of cataloging eng
Transcribing agency FISKH
Modifying agency FISKH
050 ## - LIBRARY OF CONGRESS CALL NUMBER
Classification number PE1591.S38
082 ## - DEWEY DECIMAL CLASSIFICATION NUMBER
Classification number 423.1
100 ## - MAIN ENTRY--PERSONAL NAME
Personal name Ottenheimer
245 ## - TITLE STATEMENT
Title Pocket dictionary of synonyms, antonyms, homonyms /
260 ## - PUBLICATION, DISTRIBUTION, ETC.
Place of publication, distribution, etc. New York :
Name of publisher, distributor, etc. Scholastic,
Date of publication, distribution, etc. 1965
300 ## - PHYSICAL DESCRIPTION
Extent 240 pages :
Other physical details color illustrations ;
Dimensions 20 cm
520 ## - SUMMARY, ETC.
Summary, etc. A reference book for young students, containing 12,000 synonyms, 10,000 antonyms, and 2,000 homonyms.
650 ## - SUBJECT ADDED ENTRY--TOPICAL TERM
Topical term or geographic name entry element English language--Homonyms--Dictionaries
Form subdivision Reference
700 ## - ADDED ENTRY--PERSONAL NAME
Personal name Petronio, Kay
Relator term Designer
942 ## - ADDED ENTRY ELEMENTS (KOHA)
Source of classification or shelving scheme Dewey Decimal Classification
Koha item type Books
Suppress in OPAC No
Holdings
Withdrawn status Lost status Source of classification or shelving scheme Damaged status Not for loan Collection Home library Current library Shelving location Date acquired Total Checkouts Full call number Barcode Date last seen Copy number Price effective from Koha item type
    Dewey Decimal Classification     Non-Fiction Footprints International School Library Network Toul Kork Campus Footprints International School Library Network Toul Kork Campus   01/25/2024   OTT 423.1 PE1591.S38 FISSE00149 01/25/2024 1 01/25/2024 Books
    Dewey Decimal Classification     Non-Fiction Footprints International School Library Network Toul Kork Campus Footprints International School Library Network Toul Kork Campus   01/26/2024   OTT 423.1 PE1591.S38 FISSE00146 01/26/2024 2 01/26/2024 Books
    Dewey Decimal Classification     Non-Fiction Footprints International School Library Network Toul Kork Campus Footprints International School Library Network Toul Kork Campus   01/26/2024   OTT 423.1 PE1591.S38 2024-0728 05/28/2024 3 05/28/2024 Books
    Dewey Decimal Classification     Non-Fiction Footprints International School Library Network Toul Kork Campus Footprints International School Library Network Toul Kork Campus   05/29/2024   OTT 423.1 PE1591.S38 2024-0738 05/29/2024 4 05/29/2024 Books
    Dewey Decimal Classification     Non-Fiction Footprints International School Library Network Toul Kork Campus Footprints International School Library Network Toul Kork Campus TTP Secondary Non-Fiction Bookshelves 12/17/2024   OTT 423.1 PE1591.S38 FISSE00147 12/17/2024 5 12/17/2024 Books